2018 UCL Final Lineup - Statistics

General Stats
  • This quiz has been taken 88 times
  • The average score is 19 of 22
Answer Stats
Position Answer % Correct
CM Luka Modric
99%
ST Cristiano Ronaldo
97%
ST Karim Benzema
97%
GK Keylor Navas
97%
CB Sergio Ramos
97%
CM Toni Kroos
97%
DM Casemiro
96%
RB Dani Carvajal
96%
RW Mohammed Salah
96%
LB Marcelo
95%
LW Sadio Mane
95%
RB Trent Alexander-Arnold
93%
CB Raphael Varane
92%
ST Robert Firmino
92%
CB Virgil Van Dijk
92%
AM Isco
87%
LB Andrew Robertson
85%
GK Lorius Karius
84%
CM Jordan Henderson
83%
CM James Milner
59%
CM Georginio Wijnaldum
57%
CB Dejan Lovren
55%
No matching quizzes found
Score Distribution
Percent of People with Each Score
Percentile by Number Answered
Your Score History
You have not taken this quiz